002870000a2200109000450024500620000065000150006265000200007765000150009704100140011210000210012677300300014710aDiversidad florística y fitogeográfica de la Amazonia14aBotánica14aFitogeografía14aAmazonía0 aEspañol1 aGentry, Alwyn H.1 tPreprint33q65-70d1990?